00500nam a22001697a 450000500170000001000150001702000260003203500140005803700090007208200090008110000180009024500570010825000060016526000450017127000940021630000200031020260603120936.0 aENG-148707 a9788194625100c150.00 aEN-132239 bDBAD 21aN aPatil, Pratik aOfficial Secret's A Corporate Life/cPratik Patilb  a1 aKolhapurbAksharshraddha Prakashanc2022 aFlat No. 6, Kusumvihar, RukmininagarbKolhapure416005k9850552191mpatilpratik@gmail.com a157p.c22cm(Pb)